Normal view
MARC view
- Diet, Ketogenic.
Entry Topical Term
001 - CONTROL NUMBER
- control field: 52790
003 - CONTROL NUMBER IDENTIFIER
- control field: OSt
005 - DATE AND TIME OF LATEST TRANSACTION
- control field: 20240220161347.0
008 - FIXED-LENGTH DATA ELEMENTS
- fixed length control field: 240220|| aca||aabn | a|a d
040 ## - CATALOGING SOURCE
- Original cataloging agency: OSt
- Transcribing agency: OSt
150 ## - HEADING--TOPICAL TERM
- Topical term or geographic name entry element: Diet, Ketogenic.
670 ## - SOURCE DATA FOUND
- Source citation: Work cat.: (OSt): Abrams, Rami. 52789, Keto cookbook for dummies /, ©2023.
